000 00886cab a22002055a 4500
001 L138355
008 070531e20070526xxk f d 000 0 eng d
035 _a(Sirsi) u138355
041 0 _aeng
100 1 _aJack, Simon
245 0 0 _aFocus
_bYorkshire industrial and distribution
260 _c2007
490 _aEstates Gazette
_v(0721) 26 May 2007, 101-119(8)
520 _aReports on aspects of the property market. Port facilities in Hull and Goole have received investment, triggering opportunities for development schemes. Concerns are raised over the plethora of small- to mid-range space arriving on the market. The overall market is profiled. The key finding is that agents are advising investors to show caution.
590 _aKA
651 4 _aNORTH EAST
690 _aPROPERTY-COMMERCIAL PROPERTY-COMMERCIAL PROPERTY MARKET
700 1 _aMeadwell, Stacey
942 _n0
999 _c78839
_d78839